Countries With The Highest Change in Obesity Rate 1990-2022 - Statistics

General Stats
  • This quiz has been taken 14 times
  • The average score is 8 of 21
Answer Stats
Adult Obesity Rate (%) Change 1990-2022 Country % Correct
23.4 United States
92%
24.8 Egypt
62%
21 Iran
62%
21.5 Mexico
62%
24.6 Samoa
54%
24.3 Tonga
54%
25.5 Chile
46%
24.7 Belize
38%
23.3 Jamaica
38%
24.9 Qatar
38%
22.6 Argentina
31%
28.1 Bahamas
31%
22.3 Barbados
31%
25 Panama
31%
25.8 Saint Kitts and Nevis
31%
22.9 Saint Lucia
31%
21 Uruguay
31%
23.6 Brunei
23%
25.6 Romania
23%
21 Georgia
15%
22 Uzbekistan
8%
No matching quizzes found
Score Distribution
Percent of People with Each Score
Percentile by Number Answered
Your Score History
You have not taken this quiz